000 00661nam a22002177a 4500
001 94649
003 UA-OsUOA
005 20220501163844.0
007 ta
008 20130215b un ||||| |||| 00| 0 ukr d
040 _aUA-OsUOA
_brus
_cUA-OsUOA
_dUA-OsUOA
041 _arus
080 _a82.09
090 _a82.09
_bД55
245 _aФ. М. Достоевский в русской критике
_bсборник статей
_cсост. А. Белкин
260 _aМ.
_bГИХЛ
_c1956
300 _a469 с.
650 7 _a82.09 Літературна критика. Літературні дослідження
_2UDC
942 _cBK
_2udc
955 _a1
999 _c380890
_d380890